书目信息 |
| 题名: |
沪通铁路软土路基沉降变形控制技术方法研究
|
|
| 作者: | 杨建中 编著 | |
| 分册: | ||
| 出版信息: | 成都 西南交通大学出版社 2018.05 |
|
| 页数: | 225页 | |
| 开本: | 26cm | |
| 丛书名: | 沪通铁路新技术丛书 | |
| 单 册: | ||
| 中图分类: | U213.1 | |
| 科图分类: | ||
| 主题词: | 软土--铁路路基--路基沉降--研究 | |
| 电子资源: | ||
| ISBN: | 978-7-5643-6149-5 | |
| 000 | 01049oam2 2200253 450 | |
| 001 | 5237 | |
| 005 | 20181014155409.58 | |
| 010 | @a978-7-5643-6149-5@dCNY76.00 | |
| 100 | @a20180819d2018 em y0chiy50 ea | |
| 101 | 0 | @achi |
| 102 | @aCN@b510000 | |
| 105 | @aa z 000yy | |
| 200 | 1 | @a沪通铁路软土路基沉降变形控制技术方法研究@9hu tong tie lu ruan tu lu ji chen jiang bian xing kong zhi ji shu fang fa yan jiu@f杨建中[等]编著 |
| 210 | @a成都@c西南交通大学出版社@d2018.05 | |
| 215 | @a225页@c图@d26cm | |
| 225 | 1 | @a沪通铁路新技术丛书 |
| 304 | @a编著还有: 顾福明、严赪强、陈耀杰、尹紫红 | |
| 330 | @a本书分八章,内容包括:绪论、工程概况及调研工程、沪通铁路软土的工程特性试验研究、沪通铁路软土路基沉降变形分析研究、沪通铁路软土路基沉降控制技术方法研究、沪通铁路软土路基沉降监测研究、沪通铁路软土路基沉降预测研究、结论等。 | |
| 461 | 0 | @12001 @a沪通铁路新技术丛书 |
| 606 | 0 | @a软土@x铁路路基@x路基沉降@x研究 |
| 690 | @aU213.1@v5 | |
| 701 | 0 | @a杨建中@9yang jian zhong@4编著 |
| 801 | 0 | @aCN@b91MARC@c20180819 |
| 905 | @aMuseLib@dU213.1@e794 | |
| 沪通铁路软土路基沉降变形控制技术方法研究/杨建中[等]编著.-成都:西南交通大学出版社,2018.05 |
| 225页:图;26cm.-(沪通铁路新技术丛书) |
| ISBN 978-7-5643-6149-5:CNY76.00 |
| 本书分八章,内容包括:绪论、工程概况及调研工程、沪通铁路软土的工程特性试验研究、沪通铁路软土路基沉降变形分析研究、沪通铁路软土路基沉降控制技术方法研究、沪通铁路软土路基沉降监测研究、沪通铁路软土路基沉降预测研究、结论等。 |
| ● |
| 相关链接 |
|
|
|
|
正题名:沪通铁路软土路基沉降变形控制技术方法研究
索取号:U213.1/794
 
预约/预借
| 序号 | 登录号 | 条形码 | 馆藏地/架位号 | 状态 | 备注 |
| 1 | 1128754 | 211287542 | 第二样本阅览室/ [索取号:U213.1/794] | 在馆 | |
| 2 | 1128755 | 211287551 | 第三借阅区/ [索取号:U213.1/794] | 在馆 | |
| 3 | 1128756 | 211287560 | 密集书库-资源管理系/ [索取号:U213.1/794] | 在馆 | |
| 4 | 1128757 | 211287579 | 第三借阅区/ [索取号:U213.1/794] | 在馆 | |
| 5 | 1128758 | 211287588 | 第三借阅区/ [索取号:U213.1/794] | 在馆 |